Political questions and the supreme courts of the U.S.A. and India: a study on a dynamic aspect of comparative constitutional politics (Record no. 351329)

000 -LEADER
fixed length control field 00560cam a22001577a 4500
008 - FIXED-LENGTH DATA ELEMENTS--GENERAL INFORMATION
fixed length control field 180718b1993 xxu||||| |||| 00| 0 eng d
082 ## - DEWEY DECIMAL CLASSIFICATION NUMBER
Classification number H211 G346
100 ## - MAIN ENTRY--PERSONAL NAME
Personal name Ghosh, Indrani
245 ## - TITLE STATEMENT
Title Political questions and the supreme courts of the U.S.A. and India: a study on a dynamic aspect of comparative constitutional politics
Statement of responsibility, etc. by Indrani Ghosh
260 ## - PUBLICATION, DISTRIBUTION, ETC.
Place of publication, distribution, etc. Calcutta
Name of publisher, distributor, etc. Minerva
Date of publication, distribution, etc. 1993
300 ## - PHYSICAL DESCRIPTION
Extent 127p.
650 ## - SUBJECT ADDED ENTRY--TOPICAL TERM
Topical term or geographic name entry element Constitutional law - India
650 ## - SUBJECT ADDED ENTRY--TOPICAL TERM
Topical term or geographic name entry element Justice, Administration of
650 ## - SUBJECT ADDED ENTRY--TOPICAL TERM
Topical term or geographic name entry element Supreme Court - U.S.A.
650 ## - SUBJECT ADDED ENTRY--TOPICAL TERM
Topical term or geographic name entry element Supreme Court - India
Holdings
Withdrawn status Lost status Damaged status Not for loan Permanent Location Current Location Date acquired Full call number Barcode Date last seen Price effective from Koha item type
        Indian Institute of Public Administration Indian Institute of Public Administration 1993-11-12 H211 G346 67178 2018-07-21 2018-07-21 Book

Powered by Koha